00394cam a2200169ua 450000100060000000800390000602000180004504000090006304100080007208200080008024500280008825000120011626000380012830000100016665300200017665300280019612041200210n ii |||gr||||Z||||||eng a9789383529025 cMAIN aeng a823 aAnita Desais In custody a1st ed. aDelhi:bAarti book centre,c2013. a175p. aEnglish fiction aIndian novel in English